| 000 | 00668nam a2200205 i 4500 | ||
|---|---|---|---|
| 001 | 21115 | ||
| 003 | ES-MaACL | ||
| 005 | 20230906152424.0 | ||
| 007 | t| | ||
| 008 | 021121s1923 sp |||| | spa d | ||
| 100 | 1 |
_aAlas Pumariño, Ramón de las. _919162 |
|
| 245 | 1 | 3 |
_aLa hermana Esther ; _bCuentos del colegio : (historietas en prosa y verso) / _cRamón Alas Pumariño ; prólogo de Leopoldo Alas Argüelles. |
| 246 | 3 | _aCuentos del colegio | |
| 260 |
_aMadrid : _bJuan Pueyo, _c1923. |
||
| 300 |
_aXII, 266 p. ; _c20 cm. |
||
| 700 | 1 |
_aAlas, Leopoldo, _d1883-1937 _954121 |
|
| 852 | 4 |
_aES-MaACL _jF-4630 |
|
| 942 | _2udc | ||
| 999 |
_c21115 _d21115 |
||